Statistics for Soccer Teams Zlatan Ibrahimović Has Played For

Click here to take the quiz!

General Stats

  • This quiz has been taken 45,661 times
    (14,278 since last reset)
  • The average score is 10 of 11

Answer Stats

Years Appearances Goals Team % Correct
2010-20126142AC Milan
95%
2001-2016 (International)11662Sweden
94%
2009-20112916Barcelona
93%
2016-20183317Manchester United
92%
2018-20195652LA Galaxy
92%
2012-2016122113Paris Saint-Germain
91%
2006-20098857Inter Milan
86%
2001-20047435Ajax
79%
1999-20014016Malmo FF
75%
2004-20067023Juventus
74%

Score Distribution

Percentile by Number Answered

Percent of People with Each Score

Your Score History

You have not taken this quiz since the last reset